00777nam a2200205 a 4500003000500000005001700005008004100022020001800063050002500081100001800106245005900124250001100183260004100194300002900235650001200264942001700276999001700293952013800310952012300448PILC20151026131533.0030920s19uu xx 00 eng d a0-439-35806-X aPZ 7b.R79835Op 2003 aRowling, J.K. aHarry Potter and the order of phoenix /cJ.K. Rowling. aBook 5 aNew York :bScholastic Press,c2003. a870 p. :bill. ;c24 cm. aFiction cBK2lcckFOR c20285d20285 00102lcc40aCLbCLcFICd2007-08-02eDONATIONl1m5oPZ 7 .R79835Op 2003pC8498r2018-05-08 00:00:00s2015-08-24t1w2013-10-10yBK 00102lcc40aCLbCLcFICd2014-01-22eDONATIONl0oPZ 7 .R79835Op 2003pC4017r2018-05-08 00:00:00t2w2014-01-22yBK